Eastern Utah Libraries Catalog: Duchesne, Heber, Roosevelt, & Vernal

Kitty and the great lantern race / (Record no. 360130)

MARC details
000 -LEADER
fixed length control field 02037cam a2200397 i 4500
001 - CONTROL NUMBER
control field BK0026750651
005 - DATE AND TIME OF LATEST TRANSACTION
control field 20210402143054.0
008 - FIXED-LENGTH DATA ELEMENTS--GENERAL INFORMATION
fixed length control field 210216s2021 nyua b 000 1 eng d
010 ## - LIBRARY OF CONGRESS CONTROL NUMBER
LC control number bl2021005095
020 ## - INTERNATIONAL STANDARD BOOK NUMBER
International Standard Book Number 9780062935786 : PAP
Terms of availability 5.99
020 ## - INTERNATIONAL STANDARD BOOK NUMBER
International Standard Book Number 006293578X : PAP
Terms of availability 5.99
Qualifying information hc.
-- pbk.
037 ## - SOURCE OF ACQUISITION
Source of stock number/acquisition Harpercollins Childrens Books, 53 Glenmaura National Blvd Ste 300, Moosaic, PA, USA, 18507-2132
Note SAN 200-2086
040 ## - CATALOGING SOURCE
Original cataloging agency NjBwBT
Language of cataloging eng
Transcribing agency NjBwBT
Description conventions rda
Modifying agency IMmBT
-- NjBwBT
050 14 - LIBRARY OF CONGRESS CALL NUMBER
Classification number PZ7.H256138
Item number Kig 2021
082 04 - DEWEY DECIMAL CLASSIFICATION NUMBER
Classification number [E]
Edition number 23
092 ## - LOCALLY ASSIGNED DEWEY CALL NUMBER (OCLC)
Classification number E
100 1# - MAIN ENTRY--PERSONAL NAME
Personal name Harrison, Paula,
Relator term author.
245 10 - TITLE STATEMENT
Title Kitty and the great lantern race /
Statement of responsibility, etc text by Paula Harrison ; illustrations by Jenny L�vlie.
250 ## - EDITION STATEMENT
Edition statement First edition.
264 #1 - Production, Publication, Distribution, Manufacture, and Copyright Notice.
Place of production, publication, distribution, manufacture New York, NY :
Name of producer, publisher, distributor, manufacturer Greenwillow Books, an imprint of HarperCollinsPublishers,
Date of production, publication, distribution, manufacture, or copyr 2021.
300 ## - PHYSICAL DESCRIPTION
Extent vii, 116 pages :
Other physical details color illustrations ;
Dimensions 20 cm.
336 ## - Content Type
Content type term text
337 ## - Media type
Media type term unmediated
338 ## - Carrier type
Carrier type term volume
490 1# - SERIES STATEMENT
Series statement Kitty ;
Volume number/sequential designation 5
520 ## - SUMMARY, ETC.
Summary, etc "Kitty is proud of the lantern she has crafted for Hallam City's Festival of Light. But just as the parade starts, a series of mysterious burglaries occur in the crowd. Kitty spots a shadowy figure and knows that she must use her catlike superpowers to investigate. Chasing the culprit without the help of her cat crew tests her bravery and superhero skills, but Kitty is determined to track down the thief before the city.s festival is ruined"--
-- Provided by publisher.
650 #1 - SUBJECT ADDED ENTRY--TOPICAL TERM
Topical term or geographic name as entry element Superheroes
Form subdivision Fiction.
9 (RLIN) 5673961
650 #1 - SUBJECT ADDED ENTRY--TOPICAL TERM
Topical term or geographic name as entry element Human-animal communication
Form subdivision Fiction.
9 (RLIN) 5683251
650 #1 - SUBJECT ADDED ENTRY--TOPICAL TERM
Topical term or geographic name as entry element Parades
Form subdivision Fiction.
9 (RLIN) 5689440
650 #1 - SUBJECT ADDED ENTRY--TOPICAL TERM
Topical term or geographic name as entry element Stealing
Form subdivision Fiction.
9 (RLIN) 5675576
650 #1 - SUBJECT ADDED ENTRY--TOPICAL TERM
Topical term or geographic name as entry element Cats
Form subdivision Fiction.
9 (RLIN) 5674208
700 1# - ADDED ENTRY--PERSONAL NAME
Personal name L�vlie, Jenny,
Relator term illustrator.
9 (RLIN) 6359660
775 08 - OTHER EDITION ENTRY
Display text Reproduction of (manifestation):
775 08 - OTHER EDITION ENTRY
Main entry heading Harrison, Paula.
Title Kitty and the great lantern race
Place, publisher, and date of publication Oxford, England : Oxford University Press, 2020
International Standard Book Number 9780192771698
800 1# - SERIES ADDED ENTRY--PERSONAL NAME
Personal name Harrison, Paula.
Title of a work Kitty ;
Volume/sequential designation 5.
9 (RLIN) 6359661
Holdings
Withdrawn status Lost status Source of classification or shelving scheme Damaged status Not for loan Collection code Home library Current library Shelving location Date acquired Source of acquisition Serial Enumeration / chronology Total Checkouts Full call number Barcode Date last seen Cost, replacement price Price effective from Koha item type
    Dewey Decimal Classification     Junior Fiction Wasatch County Library Wasatch County Library Main Floor Junior Area 04/07/2025   #5 Kitty   J Harrison 34301002151621 04/10/2025 8.99 04/07/2025 BOOK
This project was made possible through a grant from the Institute of Museum and Library Service administered by the Utah State Library Division.

Wasatch County Library

  • 465 East 1200 South, Heber City, Utah 84032
  • Phone 435-654-1511 | Fax 435-654-6456

Hours

  • Monday - Friday 9:30 AM - 8:00 PM
  • Saturday 9:30 AM - 1:30 PM
  • Closed Sundays and Holidays